Statistics for Survivor Seasons

Click here to take the quiz!

General Stats

  • This quiz has been taken 1,217 times
    (1,057 since last reset)
  • The average score is 30 of 40

Answer Stats

SeasonTitle% Correct
2The Australian Outback
94%
3Africa
93%
1Borneo
93%
15China
87%
16Micronesia
87%
8All-Stars
86%
14Fiji
83%
40Winners at War
83%
7Pearl Islands
80%
19Samoa
80%
27Blood vs. Water
79%
13Cook Islands
78%
20Heroes vs. Villains
78%
10Palau
78%
5Thailand
77%
22Redemption Island
76%
9Vanuatu
76%
17Gabon
75%
4Marquesas
75%
28Cagayan
74%
21Nicaragua
74%
6The Amazon
74%
12Panama
72%
31Cambodia
71%
39Island of the Idols
71%
34Game Changers
70%
36Ghost Island
70%
11Guatemala
70%
24One World
70%
37David vs Goliath
69%
18Tocantins
69%
38Edge of Extinction
66%
29San Juan del Sur
66%
30Worlds Apart
66%
26Caramoan
65%
35Heroes vs Healers vs Hustlers
65%
25Philippines
65%
23South Pacific
64%
32Kaoh Rong
63%
33Millennials vs. Gen X
59%

Score Distribution

Percentile by Number Answered

Percent of People with Each Score

Your Score History

You have not taken this quiz since the last reset